000
00261nam a2200109Ia 4500
008
190802s9999 xx 000 0 und d
100
_a
Molana Abu Kalam Azad
245
0
_a
Aap Beeti
260
_a
Lahore
_b
Makki Dar-ul-Kutob
_c
2005
300
_a
274:p
942
_c
BK
999
_c
2485
_d
2485